00666cam a22002057a 4500003000500000005001700005008004100022010000900063011000900072035000900081040000900090082001400099100001600113245012300129260009300252300001100345650002200356700001500378710006700393CHAP20220329133609.0971013s1995 r 00010 d a8366 a9338 a8573 cCHAP a634.9bW800aWood, P. J.13aUn árbol para todo propósitob: introducción y evaluación de árboles de uso múltiple para agroforestería aSan José, C.R. :bInstituto Interamericano de Cooperación para la Agricultura,c1995 a180 p.14aAgroforestería.0 aBurley, J.0 aCentro Internacional para Investigación en Agroforestería.